| 000 | 00856nam0a22002891 4500 | ||
|---|---|---|---|
| 001 | RU\NLR\INFOCOMM10\ROSSICA\1000019312 | ||
| 005 | 20250613192417.0 | ||
| 035 | _a(NLR Aleph) 009950897 | ||
| 090 |
_a10787008 _c10787008 |
||
| 100 | _a20030905d1890 |||y0rusy50 ca | ||
| 101 | 1 |
_ager _crus |
|
| 102 | _aRU | ||
| 105 | _ay ||||000ay | ||
| 200 | 1 |
_aGrundlagen der Chemie _fD.Mendelejeff _gAus dem Russischen Übersetzt von L.Jawein und A.Thillot |
|
| 210 |
_aSt.Petersburg _d1890 |
||
| 215 | _d8° | ||
| 700 | 1 |
_9z01790 _aMendeleev _bD.I. _f1834-1907 _gDmitrij Ivanovič _4070 |
|
| 702 | 1 |
_aJawein _bL. _4730 |
|
| 702 | 1 |
_aThillot _bA. _gAlfr. _4730 |
|
| 790 | 1 |
_9z01700 _aMendelejeff _bD. _4070 |
|
| 801 | 1 |
_aRU _bInfoComm _c20030905 |
|
| 801 | 0 |
_aRU _bNLR _gPSBO |
|
| 852 |
_aNLR _j12.55.10.32 |
||
| 942 | _cBOOK | ||
| 980 | _aNB | ||
| 980 | _aRossica | ||